A budapesti hajós turizmus jelentősége a hazai turizmusban, a Táltos hajón végzett gasztronómiai tevékenység, a működtetés elemzése

Bibliographic Details
Main Author: Hetei Bernadett
Other Authors: Verebes Dr. Pál
Format: Thesis
Kulcsszavak:hajó
Waldorf
vacsorahajó
Online Access:http://dolgozattar.uni-bge.hu/11120

MARC

LEADER 00000nta a2200000 i 4500
001 dolg11120
005 20170830104213.0
008 170511suuuu hu om 000 hun d
040 |a BGE Dolgozattár Repozitórium  |b hun 
041 |a hu 
100 1 |a Hetei Bernadett 
245 1 2 |a A budapesti hajós turizmus jelentősége a hazai turizmusban, a Táltos hajón végzett gasztronómiai tevékenység, a működtetés elemzése  |c Hetei Bernadett  |h [elektronikus dokumentum] 
695 |a hajó 
695 |a Waldorf 
695 |a vacsorahajó 
700 1 |a Verebes Dr. Pál  |e ths 
856 4 0 |u http://dolgozattar.uni-bge.hu/11120/1/Szakdolgozat%20Hetei%20Bernadett%20BGE%20KVIK%20TV%202017.pdf  |z Dokumentum-elérés